| 000 | 00477nam a2200157Ia 4500 | ||
|---|---|---|---|
| 003 | GCL | ||
| 008 | 140319s9999 xx 000 0 eng d | ||
| 040 |
_aGCL / _cGCL |
||
| 082 | 0 | 4 |
_a333.91001726 _bJ W |
| 100 | 1 | _aINTERNATIONAL BANK FOR RECONSTAUCTION AN | |
| 245 | 1 | 0 |
_aWater Resources Management / _cINTERNATIONAL BANK FOR RECONSTAUCTION AN |
| 260 |
_a[S.N] : _bTHE WORLD BANK |
||
| 650 | 0 | 4 | _aWATER RESOURCES DEVELOPMENT |
| 650 | 0 | 4 | _aDEVELOPING COUNTRIES |
| 942 |
_2ddc _cBK |
||
| 999 |
_c23744 _d23744 |
||